Deutsche Kaiserdynastien - Sudden Death - Statistiken

Allgemein
  • Dieses Quiz wurde 549 mal gespielt
    527 seit der letzten Aktualisierung
  • Das Durchschnittsergebnis liegt bei 4 aus 10
Answers on the Grid
Answers color-coded by a green-red scale on the quiz's grid according to % correct below.
Habsburg
Reuß
Wettin
Billung
Oldenburg
Salier
Luxemburg
Isenburg
Babenberg
Württemberg
Welfen
Baden
Askanier
Waldeck
Hohenstaufen
Oranien
Ottonen
Piasten
Limburg
Luitpoldinger
Wittelsbach
Northeim
Albertiner
Schaumburg
Hohenzollern
Wallenstein
Karolinger
Süpplinburg
 
Antwortstatistiken
Antwort % Korrekt
Habsburg
90%
Hohenzollern
50%
Karolinger
38%
Hohenstaufen
37%
Ottonen
36%
Luxemburg
34%
Salier
34%
Welfen
32%
Wittelsbach
32%
Süpplinburg
7%
Keine übereinstimmenden Quizze gefunden
Verteilung der Resultate
Anzahl Personen mit jedem Resultat
Perzentil nach korrekt beantworteten Fragen
Ihre Resultats-Entwicklung
Sie haben dieses Quiz seit der letzten Aktualisierung nicht gespielt